LDR 00731naa#a2200169#i#450# 001 EN\\bibl\116859 005 20260430131441.4 011 ## _a1994-4683 100 ## _a20260429b2026####ek#y0engy0150####ca 102 ## _aRU 200 1# _aSearching for psychological predictors of the substitution perception phenomenon: an analysis of anticipation, empathy, and sensory sensitivity in participants _eJournal article 210 1# _aMoscow _cNational State University of Physical Education, Sports and Health named after P.F. Lesgaft _d2026 215 ## _a7 с. 608 ## _aJournal article _2local 675 ## _aПсихологические исследования. 159.9.07 _z 700 #1 _aPodnebesnaya _gEkaterina Borisovna 856 4# _auchzapiski.lesgaft.spb.ru _u